| 000 | 00896cam a2200217 4500 | ||
|---|---|---|---|
| 001 | ##L132324 | ||
| 008 | 060127n2002 000 0 eng u | ||
| 035 | _a(Sirsi) u132324 | ||
| 041 | 0 | _aeng | |
| 050 | 0 | 4 | _a692.8 $1 8 |
| 110 | 2 |
_aJoint Contracts Tribunal _93664 |
|
| 245 | 0 | 0 |
_aGuidance note _bintermediate form of building contract (IFC 98) _bincorporating amendments 1 to 4 |
| 260 |
_aLondon _bRIBA _c2002 |
||
| 300 |
_a66p. _c30cm. |
||
| 520 | _aGuidance notes on all of the Amendments issued by the Joint Contracts Tribunal since its origins in 1984, including those complying with the Housing Grants, Construction and Regeneration Act, 1996. | ||
| 590 | _aIKA310106 | ||
| 650 | 2 | 4 | _aHOUSING GRANTS, CONSTRUCTION AND REGENERATION ACT 1996 PART II |
| 650 | 2 | 4 | _aINTERMEDIATE FORM OF BUILDING CONTRACT 1998 EDITION |
| 690 | _aBUILT ENVIRONMENT-BUILDING CONTRACT FORMS | ||
| 942 | _n0 | ||
| 999 |
_c105097 _d105097 |
||